000 00986na a2200289 4500
999 _c7338
_d7338
001 21397
003 MIRAKIL
005 20210127160404.0
008 170204b tu 000 0
040 _aMilas
_btur
_cTR-AnCHP
041 _atur
082 _aCHP 352
_bC36ö 2007
090 _aBROŞÜR 308
110 _aCumhuriyet Halk Partisi (CHP)
245 _aÖnce muhtara sonra sandığa [broşür]
_cCHP
260 _aAnkara
_bCHP
_c2007
300 _abroşür
_brnk. fotg.
_c14 sm.
440 _aCumhuriyet Halk Partisi yayınları
_pBroşürler
500 _aBu broşür, CHP'nin seçmen listelerinin adlarını kontrol etme çağrısıdır
610 _aCumhuriyet Halk Partisi (CHP)
_xMuhtarlar ve muhtarlıklar
_yBroşürler
650 _aSeçimler
_zTürkiye
830 _aCHP broşürleri
942 _cBKS
999 _d7338